| 000 | 00403nam a2200169Ia 4500 | ||
|---|---|---|---|
| 003 | LK-CoDNM | ||
| 008 | 010623t2009 xxu||||| |||| 00| 1 sin d | ||
| 040 |
_aLK-CoDNM _dLK-CoDNM _eLK-CoDNM |
||
| 041 | _asin | ||
| 080 |
_a77 _bMAH |
||
| 100 | _aMahindapala,M.D. | ||
| 245 | _aසිනමා රූප | ||
| 246 | _aSinama Rupa | ||
| 260 |
_bSarasavi _aNugegoda _c2009 |
||
| 300 | _b cm | ||
| 942 | _cBK | ||
| 999 |
_c129279 _d129279 |
||